[Event "Oberpfalz-ch M2"]
[Site "Kareth Lappersdorf"]
[Date "2008.03.15"]
[Round "2"]
[White "Najjar, Johannes"]
[Black "Melcher, Matthias"]
[Result "1-0"]
[WhiteElo "1782"]
[BlackElo "1527"]
[PlyCount "85"]
[EventDate "2008.03.15"]
[EventType "swiss"]
[EventRounds "8"]
[EventCountry "GER"]
[SourceTitle "EXT 2022"]
[Source "ChessBase"]
[SourceDate "2021.10.06"]
[SourceVersion "1"]
[SourceVersionDate "2021.10.06"]
[SourceQuality "1"]

1. c4 e5 2. Nc3 Nf6 3. g3 d6 4. Bg2 Nbd7 5. Nf3 g6 6. d4 exd4 7. Nxd4 Bg7 8. b3 0-0 9. Bb2 Rb8 10. 0-0 Nc5 11. b4 Ne6 12. e4 Bd7 13. a3 Qc8 14. Rc1 Ng5 15. f4 Nh3+ 16. Kh1 Bg4 17. Qd2 c5 18. Ndb5 cxb4 19. axb4 Qxc4 20. Nd5 Nxe4 21. Ne7+ Kh8 22. Bxg7+ Kxg7 23. Qb2+ Nc3 24. Qxc3+ Qxc3 25. Rxc3 Rfe8 26. Nd5 Re2 27. Re3 Rd2 28. Ndc3 Nf2+ 29. Kg1 a6 30. Rxf2 Rxf2 31. Kxf2 axb5 32. Nxb5 Rc8 33. Bf3 Bh3 34. Nxd6 Rc1 35. Bxb7 Rf1+ 36. Ke2 Rb1 37. b5 Rb2+ 38. Kd3 Bf1+ 39. Kc3 Ra2 40. Re7 Kf6 41. Re5 Ra3+ 42. Kb4 Rd3 43. Ne8# 1-0

[Event "Regionalliga NO 0708"]
[Site "Bayern"]
[Date "2008.03.09"]
[Round "7.8"]
[White "Melcher, Matthias"]
[Black "Werner, Thomas1111"]
[Result "1/2-1/2"]
[WhiteElo "1580"]
[BlackElo "1870"]
[PlyCount "67"]
[EventDate "2007.10.21"]
[EventType "team-tourn"]
[EventRounds "9"]
[EventCountry "GER"]
[SourceTitle "EXT 2009"]
[Source "ChessBase"]
[SourceDate "2008.11.26"]
[SourceVersion "1"]
[SourceVersionDate "2008.11.26"]
[SourceQuality "1"]
[WhiteTeam "Kareth Lappersdorf"]
[BlackTeam "Nuernberg Sued SW"]
[WhiteTeamCountry "GER"]
[BlackTeamCountry "GER"]

1. e4 c6 2. d4 d5 3. exd5 cxd5 4. Bd3 Nc6 5. c3 Qc7 6. Ne2 Nf6 7. 0-0 Bg4 8. f3 Bh5 9. b4 e6 10. Na3 Bd6 11. g3 a6 12. b5 Ne7 13. bxa6 bxa6 14. Qa4+ Qc6 15. Qxc6+ Nxc6 16. Rb1 Nd7 17. Nc2 Bg6 18. Bxg6 hxg6 19. Bf4 Ke7 20. Bxd6+ Kxd6 21. Ne3 Rhc8 22. Rfc1 Na5 23. Kg2 Nc4 24. Nxc4+ Rxc4 25. Kf2 Rb8 26. Rxb8 Nxb8 27. Ke3 Nd7 28. Rb1 Rc7 29. Kd3 Kc6 30. Nc1 Rb7 31. Nb3 Kd6 32. Nd2 Rxb1 33. Nxb1 Nb6 34. Nd2 1/2-1/2

[Event "Oberpfalz-ch M3"]
[Site "Windischeschenbach"]
[Date "2007.04.02"]
[Round "5"]
[White "Melcher, Matthias"]
[Black "Zirngibl, Christian"]
[Result "1/2-1/2"]
[WhiteElo "1383"]
[BlackElo "1489"]
[PlyCount "72"]
[EventDate "2007.03.31"]
[EventType "swiss"]
[EventRounds "8"]
[EventCountry "GER"]
[SourceTitle "EXT 2022"]
[Source "ChessBase"]
[SourceDate "2021.10.06"]
[SourceVersion "1"]
[SourceVersionDate "2021.10.06"]
[SourceQuality "1"]

1. e4 e6 2. d3 d5 3. Nd2 c5 4. Ngf3 Nc6 5. g3 Bd6 6. Bg2 Nge7 7. 0-0 d4 8. Re1 e5 9. Nf1 Bg4 10. h3 Be6 11. N1h2 h6 12. Bd2 g5 13. Qc1 f6 14. a3 Ng6 15. Rb1 Qd7 16. g4 h5 17. Bxg5 hxg4 18. Nxg4 Bxg4 19. hxg4 Qxg4 20. Bh6 Bf8 21. Bd2 0-0-0 22. Qd1 Nf4 23. Bxf4 exf4 24. Nh2 Qg5 25. Qg4+ Qxg4 26. Nxg4 Rg8 27. f3 Be7 28. Kf2 f5 29. Nh6 Bh4+ 30. Kf1 Rg6 31. Nxf5 Bxe1 32. Rxe1 Kc7 33. Kf2 Re8 34. Rh1 Ne5 35. Rh7+ Kb6 36. Ne7 Re6 1/2-1/2

[Event "Oberpfalz-ch M3"]
[Site "Windischeschenbach"]
[Date "2007.04.01"]
[Round "4"]
[White "Haeusler, Florian"]
[Black "Melcher, Matthias"]
[Result "0-1"]
[WhiteElo "1237"]
[BlackElo "1383"]
[PlyCount "82"]
[EventDate "2007.03.31"]
[EventType "swiss"]
[EventRounds "8"]
[EventCountry "GER"]
[SourceTitle "EXT 2022"]
[Source "ChessBase"]
[SourceDate "2021.10.06"]
[SourceVersion "1"]
[SourceVersionDate "2021.10.06"]
[SourceQuality "1"]

1. e4 c5 2. Nc3 d6 3. g3 Nd7 4. Bg2 Ngf6 5. d3 e6 6. f4 Be7 7. Nf3 a6 8. 0-0 Qc7 9. h3 b5 10. Be3 Bb7 11. Qd2 Rc8 12. Bf2 c4 13. Rac1 0-0 14. Rfe1 Rfd8 15. Qe2 b4 16. Nb1 a5 17. Nh2 cxd3 18. Qxd3 Qc4 19. Qxc4 Rxc4 20. Nd2 Rc7 21. Ng4 Nxg4 22. hxg4 Rdc8 23. Nb3 a4 24. Na1 Bf6 25. Rb1 Ba6 26. g5 Be7 27. Red1 Nc5 28. Rd2 Bc4 29. Bxc5 Rxc5 30. b3 axb3 31. axb3 Bb5 32. Bf1 Bxf1 33. Kxf1 g6 34. Re2 Bf8 35. e5 dxe5 36. Rxe5 Rxe5 37. fxe5 Be7 38. Kf2 Bxg5 39. Kf3 Bd2 40. Rd1 Bc3 41. Ke2 Bxe5 0-1

[Event "Oberpfalz-ch M3"]
[Site "Windischeschenbach"]
[Date "2007.03.31"]
[Round "2"]
[White "Dziallas, Stefan"]
[Black "Melcher, Matthias"]
[Result "1/2-1/2"]
[WhiteElo "1566"]
[BlackElo "1383"]
[PlyCount "70"]
[EventDate "2007.03.31"]
[EventType "swiss"]
[EventRounds "8"]
[EventCountry "GER"]
[SourceTitle "EXT 2022"]
[Source "ChessBase"]
[SourceDate "2021.10.06"]
[SourceVersion "1"]
[SourceVersionDate "2021.10.06"]
[SourceQuality "1"]

1. e4 c5 2. Nf3 d6 3. g3 Nf6 4. d3 Nbd7 5. Nbd2 a6 6. a4 b6 7. Bg2 Bb7 8. 0-0 e6 9. Re1 Be7 10. h3 Qc7 11. b3 0-0 12. Bb2 b5 13. Qe2 Rfc8 14. e5 dxe5 15. Nxe5 Bxg2 16. Kxg2 Nxe5 17. Bxe5 Qc6+ 18. Qf3 Qxf3+ 19. Kxf3 Nd7 20. Bb2 Bf6 21. Bxf6 Nxf6 22. Ne4 Nxe4 23. Rxe4 Kf8 24. c4 Rab8 25. axb5 axb5 26. Ra5 bxc4 27. Rxc4 Rxb3 28. Raxc5 Rxc5 29. Rxc5 Rxd3+ 30. Ke4 Rd7 31. g4 Ke7 32. f4 g6 33. g5 f6 34. h4 f5+ 35. Ke5 Rd5+ 1/2-1/2